L'homme foudroye. (Record no. 81688)
[ view plain ]
| 000 -LEADER | |
|---|---|
| fixed length control field | 00525cam2a220018100 4500 |
| 001 - CONTROL NUMBER | |
| control field | qcf00026396 |
| 005 - DATE AND TIME OF LATEST TRANSACTION | |
| control field | 20190816090845.0 |
| 008 - FIXED-LENGTH DATA ELEMENTS--GENERAL INFORMATION | |
| fixed length control field | 840420s1945 fr 000 0 fre d |
| 035 ## - SYSTEM CONTROL NUMBER | |
| System control number | (Sirsi) r123941 |
| 035 ## - SYSTEM CONTROL NUMBER | |
| System control number | (QCAT)lss04076707 |
| 035 ## - SYSTEM CONTROL NUMBER | |
| System control number | (UPRA)qcf00026396 |
| 040 ## - CATALOGING SOURCE | |
| Modifying agency | UPRA |
| 100 1# - MAIN ENTRY--PERSONAL NAME | |
| Personal name | Cendrars, Blaise, 1887-1961. |
| Dates associated with a name | Cendrars, Blaise, 1887-1961. |
| Linkage | A5549.1 |
| 245 12 - TITLE STATEMENT | |
| Title | L'homme foudroye. |
| 260 ## - PUBLICATION, DISTRIBUTION, ETC. | |
| Place of publication, distribution, etc. | [Paris] : |
| Name of publisher, distributor, etc. | Denoel, |
| Date of publication, distribution, etc. | [c1945] |
| 949 ## - LOCAL PROCESSING INFORMATION (OCLC) | |
| a | PQ2605.E6 |
| w | lcc |
| i | -178145 |
| m | MAIN |
| t | BOOK |
| l | ON-SHELF |
No items available.